000 00777nam a2200265Ia 4500
003 OSt
005 20220924125830.0
006 a|||||r|||| 00| 0
007 ta
008 220923b |||||||| |||| 00| 0 per d
020 _a9789646176751 (pbk)
020 _cINR 350.00
024 _a353812
037 _b2362, 12/02/2020, M.R. Publications
_cTextual
040 _aARTS
_cARTS
_bper
041 _2per
_aper
082 _aO164,1x, Q7
100 _aQamshai Hussain Au.
_9198980
245 0 _aMaabud-e-ishq
260 _aTehran
_bIntasharat-e-rozanah Iran
_c2017
300 _a128p.
_ccm.
650 _aPERSIAN POETRY
942 _hO164,1x, Q7
_cTEXL
_2CC
999 _c423442
_d423442